01683nam a22003494a 4500001001200000003000800012006001900020007001500039008004100054010001700095020002800112020003500140040002100175035002000196050002200216082001200238245012400250260006000374300002300434490006500457500026900522504005100791533015200842650005800994650003601052655002901088700002401117710001701141830003401158856012601192999001501318ebr10022322CaPaEBRm u cr cn|||||||||020313s2002 ne a sb 101 0 eng  z 2002018591 z1588111857 (alk. paper) z9027227691 (Eur. : alk. paper) aCaPaEBRcCaPaEBR a(OCoLC)7076618214aP291b.D55 2002eb04a41522100aDimensions of movementh[electronic resource] :bfrom features to remnants /cedited by Artemis Alexiadou ... [et al.]. aAmsterdam ;aPhiladelphia :bJ. Benjamins Pub.,cc2002. avi, 342 p. :bill.1 aLinguistik aktuell,x0166-0829 =aLinguistics today ;vv. 48 aA collection of papers from a workshop on (remnant/feature) movement organized by the Research Centre for General Linguistics, the Linguistics Department of the University of Potsdam, and the Dutch Graduate School in Linguistics and hosted in Potsdam in July 1999. aIncludes bibliographical references and index. aElectronic reproduction.bPalo Alto, Calif. :cebrary,d2013.nAvailable via World Wide Web.nAccess may be limited to ebrary affiliated libraries. 0aGrammar, Comparative and generalxSyntaxvCongresses. 0aGenerative grammarvCongresses. 7aElectronic books.2local1 aAlexiadou, Artemis.2 aebrary, Inc. 0aLinguistik aktuell ;vBd. 48.40uhttp://site.ebrary.com/lib/rucke/Doc?id=10022322zAn electronic book accessible through the World Wide Web; click to view c9745d9745